LEADER 03083nam2 2200421 i 450 001 BVEE016235 005 20170908093203.0 012 $a.Mn- m.am i-de clbu (3) 1574 (R)$2fei$9Vol. 4 100 $a20061121d1574 ||||0itac50 ba 101 | $alat 102 $ait 181 1$6z01$ai $bxxxe 182 1$6z01$an 200 1 $a˜4: Aristotelis œDe physico auditu libri octo, cum Auerrois Cordubensis varijs in eosdem commentarijs. ... Marci Antonij Zimaræ Contradictionum ... 210 $aVenetijs: apud Iuntas$d1574$eVenetijs$gapud Iuntas$h1572 215 $a[4], 508 c.$cill.$d8° 300 $aSul front.: Quartum volumen. precede il tit 300 $aMarca (Z639) sul front. e (U30) a c. 3S4r 300 $aSegn.: ✝⁴ A-3R⁸ 3S⁴. 316 $av. 4. - Timbro RB sul front.$5IT-NA0079, SALA FARN.24. B 0009 461 1$1001BVEE016175$12001 $a˜Aristotelis œOmnia quæ extant opera. Selectis translationibus, collatisque cum græcis emendatissimis, ac vetustissimis exemplaribus, illustrata, ... Auerrois Cordubensis in ea opera, omnes, qui ad hæc vsque tempore peruenere commentarij. Nonnulli etiam ipsius in logica, philosophia, & medicina libri, cum Leui Gersonidis in libros logicos annotationibus, quorum plurimi sunt à Iacobo Mantino in Latinum conuersi. Graecorum, Arabum, & Latinorum lucubrationes quædam, ad hoc opus pertinentes. Marciantonij Zimaræ ... in Aristotelis, et Auerrois dicta in philosophia contradictionum solutiones, propris locis annexae. Bernardini Tomitani ... in Arist. & Auer. dicta in primo libro Poster. resol. contradictionum solutiones: .... Superadditæ sunt huic operi Michælis Pselli Metaphrasis secundi libri poster. Emmanuele Margunio interprete ... Tabula M. A. Zimaræ lucidissima, ...$v4 620 $dVenezia$3SBLL003553 700 0$aAristoteles$3CFIV009389$4070$04207 790 0$aAristotele$3CFIV009390$zAristoteles 790 0$aAristote$3CFIV094388$zAristoteles 790 0$aAristotle$3CFIV203868$zAristoteles 790 0$aAristotélīs$3CFIV263964$zAristoteles 801 3$aIT$bIT-NA0079$c20061121 850 $aIT-NA0079 899 1$aBiblioteca Nazionale Vittorio Emanuele III$bNA0079$eS$uhttp://books.google.com/books?vid=IBNN:BNA01001453886 912 $aBVEE016235 921 $aBVEM000926$bIn cornice figurata: giglio fiorentino. a lato, iniziali LA$cZ639 921 $aPUVM000168$bIn cornice figurata, giglio fiorentino. Ai lati le iniziali LA. Dimensioni: 4x4,3.$cU30 950 2$aBiblioteca Nazionale Vittorio Emanuele III$bv. 1.1.-7., 15.$cv. 4.$d BNSALA FARN.24. B 0009$e BNA010014538865G B v. 4. - Timbro RB sul front.$fC $h20061123$i20061123 956 $aBiblioteca Nazionale Vittorio Emanuele III$b1$c$d$eBNA01001453886$uhttp://books.google.com/books?vid=IBNN:BNA01001453886$z BNSALA FARN.24. B 0009 977 $a BN 996 $aDe physico auditu libri octo, cum Auerrois Cordubensis varijs in eosdem commentarijs. ... Marci Antonij Zimaræ Contradictionum ..$91479897 997 $aUNISANNIO LEADER 01964nam0 2200469 i 450 001 IEI0118975 005 20251003044159.0 010 $a8815062831 020 $aIT$b98-7324 100 $a19980205d1998 ||||0itac50 ba 101 | $aita 102 $ait 181 1$6z01$ai $bxxxe 182 1$6z01$an 183 1$6z01$anc$2RDAcarrier 200 1 $aPer una nuova Costituzione economica$fa cura di Giacinto della Cananea e Giulio Napolitano 210 $aBologna$cIl mulino$d\1998!$hstampa 1997 215 $a116 p.$d21 cm 225 | $aStudi e ricerche$v407 300 $aRelazioni presentate al Convegno tenuto a Roma nel 1997 300 $aSegue: Appendici. 410 0$1001CFI0001423$12001 $aStudi e ricerche$v407 606 $aEconomia$xCostituzione italiana$2FIR$3CFIC067903$9I 676 $a330.945$9SITUAZIONI E CONDIZIONI ECONOMICHE. Italia$v20 676 $a343$9DIRITTO IN MATERIA DI FINANZA PUBBLICA, DIRITTO TRIBUTARIO, IN MATERIA DI COMMERCIO...$v12 676 $a343.07$9DIRITTO IN MATERIA DI ATTIVITA ECONOMICA$v21 676 $a343.4507$9DIRITTO PUBBLICO IN MATERIA DI ATTIVITA ECONOMICHE IN ITALIA$v20 676 $a343.4507$9REGOLAMENTAZIONE DELL'ATTIVIT ECONOMICA. ITALIA$v21 696 $aEconomia reale$aAttivit economiche$aAspetti economici 699 $aEconomia$yEconomia reale 699 $aEconomia$zAttivit economiche 699 $aEconomia$zAspetti economici 702 1$aNapolitano$b, Giulio$3IEIV047718 702 1$aDella Cananea$b, Giacinto$f <1965- >$3UR1V000854 801 3$aIT$bIT-000000$c19980205 850 $aIT-BN0095 901 $bNAP 01$cD $n$ 912 $aIEI0118975 950 0$aBiblioteca Centralizzata di Ateneo$d 01D (AR) 25 108$e 01AR 0700251085 VMA 1 v.$fY $h20241015$i20241015 977 $a 01 996 $aPer una nuova costituzione economica$9625073 997 $aUNISANNIO